| 000 -ლიდერი |
| ფიქსირებული სიგრძის საკონტროლო ველი |
01925nam a2200277Ia 4500 |
| 001 - საკონტროლო ნომერი |
| საკონტროლო ველი |
14693 |
| 003 - საკონტროლო ნომრის იდენტიფიკატორი |
| საკონტროლო ველი |
GE_BSU |
| 005 - ბოლო ოპერაციის თარიღი და დრო |
| საკონტროლო ველი |
20241120172635.0 |
| 008 - ფიქსირებული სიგრძის მონაცემთა ელემენტები - ზოგადი ინფორმაცია |
| ფიქსირებული სიგრძის საკონტროლო ველი |
181216s2014||||ge |||||||||||||| ||geo|| |
| 020 ## - წიგნის საერთაშორისო სტანდარტული ნომერი |
| International Standard Book Number |
9789941935602 |
| 040 ## - კატალოგიზაციის წყარო |
| Transcribing agency |
GE_BSU |
| 041 ## - ენის კოდი |
| Language code of text/sound track or separate title |
geo |
| 080 ## - უნივერსალური ათობითი კლასიფიკაციის ინდექსი |
| Universal Decimal Classification number |
821.353.1(038) ძ-49 |
| 245 ## - ცნობა სათაურის შესახებ |
| Title |
ძველი ქართული აგიოგრაფიული ლიტერატურის ძეგლების სიმფონია-ლექსიკონი II. ს-ყ. ნაკვ. 3, ს-ყ / |
| Statement of responsibility, etc |
ხელნაწერთა ეროვნული ცენტრი ; შემდგ. : ნინო ადამია, ლიანა ახობაძე, ენრიკო გაბიძაშვილი [და სხვ.] ; გამოსაც. მოამზადეს: ლიანა ახობაძემ [და სხვ.] ; რედ. ნარგიზა გოგუაძე. |
| 264 ## - წარმოების, გამოცემის, დისტრიბუციის და სხვა ცნობები |
| გამოცემის, წარმოების, დისტრიბუციის... ადგილი |
თბილისი : |
| გამოცემის, წარმოების, დისტრიბუციის... სახელწოდება |
არტანუჯი, |
| გამოცემის, წარმოების, დისტრიბუციის... თარიღი |
2014. |
| 300 ## - ფიზიკური აღწერა |
| Extent |
394 გვ. ; |
| Dimensions |
24 სმ. |
| 500 ## - ზოგადი შენიშვნა |
| General note |
ყდაზე სათაური : ქართული აგიოგრაფიული ძეგლების სიმფონია-ლექსიკონი |
| 653 ## - INDEX TERM--UNCONTROLLED |
| Uncontrolled term |
ქართული აგიოგრაფიული ლიტერატურის ძეგლები |
| 653 ## - INDEX TERM--UNCONTROLLED |
| Uncontrolled term |
ქართული აგიოგრაფიული ძეგლები |
| 653 ## - INDEX TERM--UNCONTROLLED |
| Uncontrolled term |
წმინდანთა ცხოვრება |
| 700 ## - ADDED ENTRY--PERSONAL NAME |
| Personal name |
ადამია, ნინო |
| Relator term |
შემდგენელი |
| 9 (RLIN) |
23761 |
| 700 ## - ADDED ENTRY--PERSONAL NAME |
| Personal name |
ახობაძე, ლ. |
| Relator term |
შემდგენელი |
| 9 (RLIN) |
23762 |
| 700 ## - ADDED ENTRY--PERSONAL NAME |
| Personal name |
გაბიძაშვილი, ე. |
| Relator term |
შემდგენელი |
| 9 (RLIN) |
23763 |
| 700 ## - ADDED ENTRY--PERSONAL NAME |
| Personal name |
გოგუაძე, ნ. |
| Relator term |
რედაქტორი |
| 9 (RLIN) |
23764 |
| 942 ## - ADDED ENTRY ELEMENTS (KOHA) |
| Koha item type |
წიგნი |
| Source of classification or shelving scheme |
|